000 00797nam a2200229Ia 4500
003 GCL
008 140319s9999 xx 000 0 eng d
020 _a9771022237
040 _aGCL /
_cGCL
082 0 4 _a371.1
_bS E
100 1 _aSAAD SHAWER
245 1 0 _aEFFECTIVE TEACHING AND LEARNING IN GENERIC EDUCATION AND FOREIGN LANGUAGE TEACHING METHODOLOGY :
_bLEARNER'S GOGNITIVE STYLES AND STRATEGIES, FOREIGN LANGUAGE SKILLS INSTRUCTION, AND TEACHER'S PROFESSIONAL DEVELOPMENT /
_cSAAD SHAWER
250 _aFIRTST
260 _aالقاهرة :
_bDAR EL-FIKR EL-ARABY ،
_c2006
300 _a24 CM ؛
_c275 P
650 0 4 _aTEACHING
650 0 4 _aTEACHING - QUALITIES
650 0 4 _aTEACHING - LEARING
650 0 4 _aEDUCATION - METHODS
650 0 4 _aTEACHING - LANGUAGE
942 _2ddc
_cBK
999 _c9660
_d9660